[Event "Hastings Masters 2022/23"]
[Site "Hastings"]
[Date "2023.01.05"]
[Round "9.27"]
[White "Wilks, Simon"]
[Black "Ortiz Sanchez, Luis"]
[Result "1/2-1/2"]
[WhiteElo "2072"]
[BlackElo "1895"]
[PlyCount "109"]
[EventDate "2022.12.28"]
[EventType "swiss"]
[EventRounds "10"]
[EventCountry "ENG"]

1. e4 e5 2. Nf3 Nc6 3. Bb5 Nf6 4. O-O Nxe4 5. Re1 Nd6 6. Nxe5 Nxe5 7. Rxe5+ Be7
8. Bf1 O-O 9. Nc3 Ne8 10. Nd5 Bd6 11. Re1 c6 12. Ne3 Bc7 13. Nf5 d5 14. Ne7+
Kh8 15. Nxc8 Rxc8 16. d4 Nf6 17. Bd3 Re8 18. Rxe8+ Qxe8 19. Bf5 Ra8 20. Be3 Qe7
21. g3 Re8 22. Bg5 h6 23. Be3 Ne4 24. Bh3 Kg8 25. Qd3 Nf6 26. c3 Ne4 27. Re1
Ng5 28. Bg2 Qf6 29. Bd2 Rxe1+ 30. Bxe1 Qe6 31. Bd2 Ne4 32. Be3 Bd8 33. f3 Ng5
34. Bd2 Nh7 35. Kf2 Bg5 36. Bxg5 Nxg5 37. Qe2 Qf6 38. Qd3 Ne4+ 39. Kg1 Nd6 40.
Kf2 Qg5 41. Qc2 Nc4 42. f4 Qe7 43. Qc1 Qe6 44. b3 Nd6 45. Qe3 Qg6 46. Qe2 Nb5
47. Qd2 Qf6 48. a4 Nd6 49. Qd3 Qe6 50. Bf3 Qh3 51. Kg1 Qe6 52. Kf2 Qh3 53. Kg1
Qe6 54. Kf2 Qh3 55. Kg1 1/2-1/2

[Event "Hastings Masters 2022/23"]
[Site "Hastings"]
[Date "2023.01.05"]
[Round "9.28"]
[White "Byrn, Carsten"]
[Black "Sugden, John N"]
[Result "0-1"]
[WhiteElo "1875"]
[BlackElo "1997"]
[PlyCount "74"]
[EventDate "2022.12.28"]
[EventType "swiss"]
[EventRounds "10"]
[EventCountry "ENG"]

1. d4 Nf6 2. c4 c5 3. d5 e6 4. Nc3 exd5 5. cxd5 d6 6. e4 g6 7. Bd3 Bg7 8. Nge2
O-O 9. O-O b6 10. Ng3 Ba6 11. Bxa6 Nxa6 12. h3 Nc7 13. a4 a6 14. Qd3 Qd7 15. f4
b5 16. axb5 axb5 17. Be3 b4 18. Nce2 Rfe8 19. Rxa8 Rxa8 20. Rd1 h5 21. e5 Nfxd5
22. exd6 Qxd6 23. Ne4 Qc6 24. Nxc5 Nxe3 25. Qxe3 Re8 26. Qf2 Rxe2 27. Qxe2
Qxc5+ 28. Kh1 Ne6 29. Qd2 Qd4 30. Qxd4 Bxd4 31. b3 Bc3 32. g3 h4 33. f5 gxf5
34. gxh4 Nd4 35. Rb1 Kg7 36. Kg2 f4 37. Kf2 Kh6 0-1

[Event "Hastings Masters 2022/23"]
[Site "Hastings"]
[Date "2023.01.05"]
[Round "9.29"]
[White "Gorgun, Aliriza Atif"]
[Black "Nissinen, Niilo Man"]
[Result "0-1"]
[WhiteElo "1850"]
[BlackElo "1996"]
[PlyCount "62"]
[EventDate "2022.12.28"]
[EventType "swiss"]
[EventRounds "10"]
[EventCountry "ENG"]

1. e4 c5 2. Nf3 Nc6 3. Bb5 Nf6 4. e5 Nd5 5. O-O g6 6. Nc3 Nc7 7. Bxc6 dxc6 8.
Ne4 Qd5 9. Re1 Bf5 10. d3 O-O-O 11. Nc3 Qd7 12. Qe2 Ne6 13. h3 h5 14. a4 g5 15.
Nxg5 Nd4 16. Qd1 Rg8 17. e6 Nxe6 18. Nxf7 Bxh3 19. g3 Bg4 20. f3 Bf5 21. Kf2
Qd4+ 22. Be3 Qg7 23. g4 Qxf7 24. gxf5 Qxf5 25. Rg1 Bg7 26. a5 Nf4 27. Bxf4 Qxf4
28. Ne2 Qh4+ 29. Ke3 Bd4+ 30. Nxd4 cxd4+ 31. Kd2 Qf4+ 0-1

[Event "Hastings Masters 2022/23"]
[Site "Hastings"]
[Date "2023.01.05"]
[Round "9.30"]
[White "Salmons, Calum"]
[Black "Faulks, Nick"]
[Result "1-0"]
[WhiteElo "1989"]
[BlackElo "1802"]
[PlyCount "65"]
[EventDate "2022.12.28"]
[EventType "swiss"]
[EventRounds "10"]
[EventCountry "ENG"]

1. d4 Nf6 2. c4 c5 3. d5 b5 4. cxb5 a6 5. bxa6 g6 6. Nc3 Bxa6 7. Nf3 d6 8. e4
Bxf1 9. Kxf1 Bg7 10. g3 O-O 11. Kg2 Nbd7 12. Qc2 Qb6 13. Rb1 Rfb8 14. a4 Ng4
15. h3 Nge5 16. Nd2 Qa6 17. b3 Nd3 18. Nc4 Nxc1 19. Rhxc1 Rb4 20. f4 Rbb8 21.
Nb5 Qb7 22. Re1 Rf8 23. Rbd1 Rad8 24. Na5 Qb6 25. Nc6 Rde8 26. Qc4 Nb8 27. a5
Qb7 28. Nba7 Nd7 29. a6 Qb6 30. Qb5 Kh8 31. Re2 Ra8 32. Ra2 Rxa7 33. Qxb6 1-0

[Event "Hastings Masters 2022/23"]
[Site "Hastings"]
[Date "2023.01.05"]
[Round "9.31"]
[White "Damodaran, Patrick"]
[Black "Chan, Sheng Liang Bernard"]
[Result "0-1"]
[WhiteElo "1701"]
[BlackElo "1986"]
[PlyCount "120"]
[EventDate "2022.12.28"]
[EventType "swiss"]
[EventRounds "10"]
[EventCountry "ENG"]

1. e4 c5 2. Nf3 Nc6 3. d4 cxd4 4. Nxd4 Nf6 5. Nc3 g6 6. Bc4 d6 7. Be3 Bg7 8.
Qd2 O-O 9. O-O-O Ng4 10. Nxc6 bxc6 11. f3 Nxe3 12. Qxe3 Qa5 13. h4 Rb8 14. Bb3
Be6 15. Rd2 Bxb3 16. cxb3 Bxc3 17. bxc3 Rxb3 18. axb3 Qa1+ 19. Kc2 Qxh1 20.
Qxa7 Qxh4 21. b4 Qg5 22. Qc7 Ra8 23. Kd3 d5 24. Qxc6 dxe4+ 25. Kc4 Rb8 26. Qd5
Qf6 27. Kb3 Rc8 28. c4 exf3 29. Qxf3 Qa6 30. Qd5 Ra8 31. Rb2 e6 32. Qd2 Qa3+
33. Kc2 e5 34. Qd5 Re8 35. b5 e4 36. Qd7 Re7 37. Qd8+ Kg7 38. Qd4+ f6 39. b6
Qa4+ 40. Kb1 e3 41. Re2 Rd7 42. Qxd7+ Qxd7 43. Rb2 e2 44. Rxe2 Qd1+ 45. Kb2
Qxe2+ 46. Kb1 Qxg2 47. c5 h5 48. c6 Qxc6 49. Kb2 Qxb6+ 50. Kc3 Qb5 51. Kd4 Qe5+
52. Kc4 h4 53. Kb4 Qc7 54. Kb5 h3 55. Kb4 Qc6 56. Kb3 Qc5 57. Ka4 Qb6 58. Ka3
h2 59. Ka4 h1=R 60. Ka3 Ra1# 0-1

[Event "Hastings Masters 2022/23"]
[Site "Hastings"]
[Date "2023.01.05"]
[Round "9.32"]
[White "Miller, George"]
[Black "Pousada Garcia, Daniel"]
[Result "0-1"]
[WhiteElo "1808"]
[BlackElo "1960"]
[PlyCount "74"]
[EventDate "2022.12.28"]
[EventType "swiss"]
[EventRounds "10"]
[EventCountry "ENG"]

1. c4 Nf6 2. Nc3 e5 3. Nf3 Nc6 4. e4 Bb4 5. d3 h6 6. a3 Bc5 7. b4 Bd4 8. Nxd4
Nxd4 9. Ne2 Ne6 10. f4 exf4 11. Nxf4 d6 12. Be2 O-O 13. O-O c5 14. Nxe6 Bxe6
15. Bb2 Nd7 16. d4 Qg5 17. Rf3 cxd4 18. Rg3 Qe7 19. Qxd4 f6 20. Bc1 Kh7 21. Bf4
Ne5 22. Rc1 a5 23. c5 dxc5 24. bxc5 Rfd8 25. Qb2 Bf7 26. Bxe5 fxe5 27. Rgc3 Rd4
28. c6 bxc6 29. Rxc6 Rad8 30. Rc7 Qg5 31. Bf1 Rd2 32. Qc3 Bg6 33. Re1 R8d4 34.
Qf3 Qd8 35. Rc5 Qb6 36. Rec1 Bxe4 37. Qf8 Qb2 0-1

[Event "Hastings Masters 2022/23"]
[Site "Hastings"]
[Date "2023.01.05"]
[Round "9.33"]
[White "Kett, Tim"]
[Black "Shepley, Julien M"]
[Result "1-0"]
[WhiteElo "2184"]
[BlackElo "1848"]
[PlyCount "105"]
[EventDate "2022.12.28"]
[EventType "swiss"]
[EventRounds "10"]
[EventCountry "ENG"]

1. e4 d5 2. exd5 Qxd5 3. Nf3 Nc6 4. Be2 Bg4 5. h3 Bxf3 6. Bxf3 Qe5+ 7. Qe2
Qxe2+ 8. Bxe2 Nd4 9. Bd1 O-O-O 10. c3 Nc6 11. d4 e6 12. O-O Nf6 13. Nd2 Be7 14.
Bf3 Nb8 15. Nc4 Nbd7 16. Re1 Nb6 17. Ne5 Rhf8 18. a4 a5 19. b4 Nfd7 20. bxa5
Nxe5 21. Rxe5 Nc4 22. Rh5 Rh8 23. a6 bxa6 24. Be2 g6 25. Rg5 Bxg5 26. Bxg5 Nd6
27. Bxa6+ Kd7 28. Bxd8 Rxd8 29. Bd3 Ra8 30. a5 c6 31. f4 Nb5 32. Bxb5 cxb5 33.
Kf2 Ra6 34. Ke3 Kd6 35. g4 f5 36. gxf5 gxf5 37. Kd3 Kd5 38. h4 h5 39. Ra2 Kd6
40. c4 bxc4+ 41. Kxc4 Kc6 42. Kb4 Kd5 43. Kb5 Ra8 44. a6 Rb8+ 45. Ka5 Kxd4 46.
Re2 Kd5 47. a7 Rf8 48. Kb6 Rg8 49. Kb7 Rg7+ 50. Ka6 Rg8 51. Re5+ Kd6 52. Rb5
Ra8 53. Kb7 1-0

[Event "Hastings Masters 2022/23"]
[Site "Hastings"]
[Date "2023.01.05"]
[Round "9.34"]
[White "Kelly, Paul J"]
[Black "Ogunshola, Ben"]
[Result "0-1"]
[WhiteElo "1842"]
[BlackElo "2140"]
[PlyCount "98"]
[EventDate "2022.12.28"]
[EventType "swiss"]
[EventRounds "10"]
[EventCountry "ENG"]

1. e4 d6 2. d4 Nf6 3. Nc3 g6 4. Be3 Bg7 5. Qd2 a6 6. h3 b5 7. a3 Bb7 8. Bd3
Nbd7 9. Nge2 c5 10. dxc5 Nxc5 11. f3 Rc8 12. O-O O-O 13. Bh6 e5 14. Bxg7 Kxg7
15. g4 d5 16. exd5 Nxd5 17. Nxd5 Qxd5 18. Rad1 Nxd3 19. cxd3 Rfd8 20. Kg2 Qb3
21. Nc3 e4 22. fxe4 Bxe4+ 23. Nxe4 Rc2 24. Qxc2 Qxc2+ 25. Rd2 Qb3 26. Rf3 Qd5
27. Rdf2 h6 28. h4 Qe6 29. Kg3 Rd4 30. Nf6 b4 31. axb4 Rxb4 32. Ne4 Rxb2 33.
Rxf7+ Qxf7 34. Rxb2 a5 35. g5 a4 36. Nd6 a3 37. Rb6 Qc7 38. Ra6 a2 39. Kf3 Qxd6
40. Rxd6 a1=Q 41. Rd7+ Kf8 42. gxh6 Qf6+ 43. Kg3 Qe5+ 44. Kg2 Qe2+ 45. Kg3 Qe3+
46. Kg2 Qxh6 47. Rd4 Qe3 48. Rd6 Qe2+ 49. Kg1 Qg4+ 0-1

[Event "Hastings Masters 2022/23"]
[Site "Hastings"]
[Date "2023.01.05"]
[Round "9.35"]
[White "Liu, Tianyi (Jack)"]
[Black "Ruane, Brendan J"]
[Result "0-1"]
[WhiteElo "1892"]
[BlackElo "1804"]
[PlyCount "65"]
[EventDate "2022.12.28"]
[EventType "swiss"]
[EventRounds "10"]
[EventCountry "ENG"]

1. e4 e5 2. Nf3 Nc6 3. Bb5 a6 4. Ba4 Nf6 5. O-O Nxe4 6. d4 b5 7. Bb3 d5 8. dxe5
Be6 9. c3 Be7 10. Nbd2 O-O 11. Bc2 f5 12. Nb3 Qd7 13. Qe2 b4 14. Bd2 bxc3 15.
bxc3 Na7 16. Nfd4 c5 17. Nxe6 Qxe6 18. f3 Nxd2 19. Nxd2 c4 20. f4 Bc5+ 21. Kh1
Nb5 22. Rf3 Nd6 23. Rh3 Ne4 24. Nxe4 fxe4 25. Rf1 g6 26. Qe1 Ra7 27. Bd1 Raf7
28. Be2 Rxf4 29. Rxf4 Rxf4 30. Qb1 Qxe5 31. Qb7 Rf7 32. Qc8+ Bf8 33. Qc5 0-1

[Event "Hastings Masters 2022/23"]
[Site "Hastings"]
[Date "2023.01.05"]
[Round "9.36"]
[White "Kumar, Soham"]
[Black "Norinkeviciute, Rasa"]
[Result "0-1"]
[WhiteElo "1844"]
[BlackElo "1969"]
[PlyCount "68"]
[EventDate "2022.12.28"]
[EventType "swiss"]
[EventRounds "10"]
[EventCountry "ENG"]

1. e4 d6 2. d4 Nf6 3. Nc3 Nbd7 4. Nf3 e5 5. a4 c6 6. Bc4 Be7 7. h3 h6 8. O-O
Qc7 9. Re1 Nf8 10. d5 g5 11. Nh2 Ng6 12. Be3 Nf4 13. Bxf4 gxf4 14. Qf3 Rg8 15.
Rad1 a6 16. Kh1 b5 17. axb5 cxb5 18. Bb3 Bd8 19. Rd3 Qc5 20. Nb1 Bb6 21. Re2
Rg3 22. Qxg3 fxg3 23. Rxg3 Bd7 24. Rc3 Qb4 25. Rf3 Ke7 26. Nd2 Rg8 27. c3 Qc5
28. Bc2 Nh5 29. b4 Qc8 30. Re1 Nf4 31. g4 h5 32. Rg1 hxg4 33. hxg4 Bxg4 34.
Rfg3 Bxf2 0-1

[Event "Hastings Masters 2022/23"]
[Site "Hastings"]
[Date "2023.01.05"]
[Round "9.37"]
[White "Li, Ethan"]
[Black "Jakhria, Kushal"]
[Result "1-0"]
[WhiteElo "1889"]
[BlackElo "1726"]
[PlyCount "155"]
[EventDate "2022.12.28"]
[EventType "swiss"]
[EventRounds "10"]
[EventCountry "ENG"]

1. e4 c5 2. Nf3 Nc6 3. d4 cxd4 4. Nxd4 Nf6 5. Nc3 e5 6. Ndb5 d6 7. Bg5 a6 8.
Na3 b5 9. Nd5 Be7 10. Bxf6 Bxf6 11. c3 Bg5 12. Nc2 Rb8 13. Bd3 Bd7 14. O-O Ne7
15. Nce3 Nxd5 16. Nxd5 O-O 17. Bc2 a5 18. Qe2 Be6 19. Rfd1 g6 20. a3 Bxd5 21.
Rxd5 Qb6 22. Rad1 Rfd8 23. Bd3 b4 24. Rb5 Qc7 25. axb4 Rxb5 26. Bxb5 axb4 27.
cxb4 Rb8 28. g3 Kg7 29. b3 Qb6 30. Rd5 Rc8 31. Qa2 Rb8 32. Qa4 Be3 33. Qa2 Bd4
34. Qd2 Rc8 35. Bc4 Ra8 36. Ra5 Rxa5 37. bxa5 Qc5 38. Kg2 h6 39. Qa2 f5 40. Qa4
Qc8 41. Bd5 f4 42. Qc6 f3+ 43. Kg1 Qxc6 44. Bxc6 g5 45. g4 Bc5 46. a6 Kf6 47.
b4 Ba7 48. Ba4 Ke7 49. Bd1 Kd7 50. Bxf3 Kc6 51. Be2 Bd4 52. Bc4 Kb6 53. Kf1 Bc3
54. b5 Bd4 55. Ke2 Ka5 56. Kd3 Kb4 57. f4 gxf4 58. h4 f3 59. g5 hxg5 60. hxg5
f2 61. Ke2 Kxc4 62. g6 Kxb5 63. g7 Kxa6 64. g8=Q Kb7 65. Qc4 Bc5 66. Kf3 Kc6
67. Kg4 Kd7 68. Kf5 Ke7 69. Qb5 Kd8 70. Ke6 Kc7 71. Kd5 Kd8 72. Ke6 Kc7 73. Qa6
Bb6 74. Kd5 Kd7 75. Qb7+ Bc7 76. Qc6+ Kc8 77. Qe8+ Bd8 78. Kc6 1-0

[Event "Hastings Masters 2022/23"]
[Site "Hastings"]
[Date "2023.01.05"]
[Round "9.38"]
[White "Dhanuka Aman"]
[Black "Flynn, David"]
[Result "1/2-1/2"]
[WhiteElo "1194"]
[BlackElo "1872"]
[PlyCount "140"]
[EventDate "2022.12.28"]
[EventType "swiss"]
[EventRounds "10"]
[EventCountry "ENG"]

1. e4 c5 2. c3 Nf6 3. e5 Nd5 4. d4 cxd4 5. cxd4 d6 6. exd6 Qxd6 7. Nf3 Nc6 8.
Be2 Bg4 9. O-O e6 10. h3 Bh5 11. Nc3 Be7 12. Ne4 Qc7 13. a3 O-O 14. Nc3 Rfd8
15. Nxd5 Rxd5 16. Be3 Bf6 17. g4 Bg6 18. Bc4 Rd7 19. Rc1 Qd8 20. Bb5 Be4 21.
Bxc6 Bxc6 22. b4 h6 23. a4 a6 24. a5 e5 25. Re1 exd4 26. Bf4 Re7 27. Rxe7 Qxe7
28. Bg3 Qxb4 29. Bc7 Bd8 30. Be5 Bxa5 31. Nxd4 Rd8 32. Qd3 Bb5 33. Qe3 Bb6 34.
Rd1 Qe7 35. Kh2 Bxd4 36. Rxd4 Rxd4 37. Qxd4 f6 38. Qd5+ Kh8 39. Bd6 Qd7 40. Qc5
Bc6 41. Bf8 Qd5 42. Qxd5 Bxd5 43. Kg3 Kg8 44. Bb4 Kf7 45. Kf4 Ke6 46. h4 g6 47.
h5 gxh5 48. gxh5 Kf7 49. Ba5 Bb3 50. f3 Ba4 51. Bb6 Ke6 52. Bc5 Be8 53. Bf8
Bxh5 54. Bxh6 a5 55. Ke4 a4 56. Bf8 f5+ 57. Ke3 Kd5 58. f4 Kc4 59. Kd2 Kb3 60.
Kc1 Ka2 61. Kc2 Bf3 62. Bb4 Be4+ 63. Kc3 Kb1 64. Ba3 Bc6 65. Bb4 Kc1 66. Bc5
Kd1 67. Bb4 Ke2 68. Bd6 Bd5 69. Kb4 Bb3 70. Ka3 Ke3 1/2-1/2

[Event "Hastings Masters 2022/23"]
[Site "Hastings"]
[Date "2023.01.05"]
[Round "9.39"]
[White "Westcott, Dale"]
[Black "Jerome, Stellio"]
[Result "0-1"]
[WhiteElo "1610"]
[BlackElo "1501"]
[PlyCount "140"]
[EventDate "2022.12.28"]
[EventType "swiss"]
[EventRounds "10"]
[EventCountry "ENG"]

1. d4 h6 2. e4 g5 3. Nc3 Bg7 4. Be3 d6 5. Bc4 Nc6 6. Nge2 e5 7. a3 Nf6 8. d5
Ne7 9. Qd3 a6 10. h3 Ng6 11. g3 O-O 12. O-O-O Bd7 13. f4 exf4 14. gxf4 Nh5 15.
fxg5 Ne5 16. Qd4 hxg5 17. Bb3 Nf4 18. Nxf4 Ng6 19. Qd2 gxf4 20. Bxf4 Qh4 21.
Bg5 Qh5 22. Rdg1 Kh7 23. Bc4 Bh6 24. Be2 Qh4 25. Bxh6 Qxh6 26. Rg5 Kg7 27. Rhg1
Rae8 28. Qd4+ Re5 29. Kb1 Kh7 30. h4 Qxh4 31. Qe3 Rxg5 32. Rxg5 Qe1+ 33. Ka2
Rh8 34. Rg1 Qh4 35. Qf3 Kg7 36. Rf1 Qe7 37. Bd3 Rh3 38. Qg2 Qe5 39. Qf2 Qe7 40.
Qg2 Rh5 41. Rg1 Qe5 42. Qg3 Qxg3 43. Rxg3 Kf6 44. Ne2 Ne5 45. Nf4 Rh4 46. Ng2
Rg4 47. Rxg4 Bxg4 48. Ne3 Bf3 49. Kb3 Nxd3 50. cxd3 Bh5 51. Kc3 Ke5 52. Nf5 Bg6
53. Ng3 Kf4 54. Nf1 Bh5 55. Kd2 f5 56. exf5 Kxf5 57. Ng3+ Kg4 58. Nxh5 Kxh5 59.
Ke3 Kg5 60. Ke4 Kg4 61. a4 a5 62. b3 Kg5 63. Kd4 Kf4 64. Kc4 Ke5 65. d4+ Ke4
66. Kc3 Kxd5 67. Kd3 c6 68. Kc3 Ke4 69. Kc4 b6 70. Kc3 d5 0-1

[Event "Hastings Masters 2022/23"]
[Site "Hastings"]
[Date "2023.01.05"]
[Round "9.40"]
[White "Butt, Laurence"]
[Black "Bryant, Harry"]
[Result "1/2-1/2"]
[WhiteElo "1740"]
[BlackElo "1510"]
[PlyCount "109"]
[EventDate "2022.12.28"]
[EventType "swiss"]
[EventRounds "10"]
[EventCountry "ENG"]

1. d4 Nf6 2. Bg5 d5 3. Nc3 c5 4. e3 Nc6 5. Nf3 Bf5 6. Be2 e6 7. O-O h6 8. Bxf6
Qxf6 9. Bb5 g5 10. dxc5 Bxc5 11. Na4 Bd6 12. c4 Be4 13. Nd4 Rc8 14. f3 Bg6 15.
cxd5 exd5 16. Rc1 Qe5 17. g3 Qxe3+ 18. Kg2 O-O 19. Bxc6 bxc6 20. Re1 Qd3 21.
Nc5 Bxc5 22. Qxd3 Bxd3 23. Rxc5 Bb5 24. Rec1 Rb8 25. b3 Rfe8 26. Kf2 Re5 27.
R5c3 Rbe8 28. a4 Ba6 29. Rxc6 Bd3 30. Rc8 Kg7 31. Rxe8 Rxe8 32. Rc7 a6 33. Rc5
Rd8 34. Ke3 Bf1 35. Nc6 Rc8 36. Rc1 Bh3 37. Kd4 Kf6 38. b4 h5 39. Kxd5 Bg2 40.
Kd6 Bxf3 41. b5 axb5 42. axb5 Be2 43. b6 Ba6 44. Rc2 Bb7 45. Rf2+ Kg7 46. Ne7
Rc3 47. Ra2 Bf3 48. Ra7 Rd3+ 49. Kc7 Kf6 50. Nc8 Kf5 51. Nd6+ Kg4 52. Nxf7 Re3
53. Ra4+ Kf5 54. Nd6+ Ke6 55. Nb5 1/2-1/2

[Event "Hastings Masters 2022/23"]
[Site "Hastings"]
[Date "2023.01.06"]
[Round "10.1"]
[White "Korpa, Bence"]
[Black "Clarke, Brandon G I"]
[Result "1/2-1/2"]
[WhiteElo "2516"]
[BlackElo "2484"]
[PlyCount "26"]
[EventDate "2022.12.28"]
[EventType "swiss"]
[EventRounds "10"]
[EventCountry "ENG"]

1. d4 Nf6 2. Nf3 g6 3. Nbd2 d5 4. b3 Bg7 5. Bb2 c5 6. dxc5 Qa5 7. e3 Qxc5 8.
Bd3 Nc6 9. a3 O-O 10. O-O Rd8 11. b4 Qd6 12. c4 dxc4 13. Bxc4 Be6 1/2-1/2

[Event "Hastings Masters 2022/23"]
[Site "Hastings"]
[Date "2023.01.06"]
[Round "10.2"]
[White "Sulskis, Sarunas"]
[Black "Cherniaev, Alexander"]
[Result "1-0"]
[WhiteElo "2492"]
[BlackElo "2374"]
[PlyCount "63"]
[EventDate "2022.12.28"]
[EventType "swiss"]
[EventRounds "10"]
[EventCountry "ENG"]

1. e4 c5 2. Nf3 Nc6 3. Bb5 e6 4. O-O Nge7 5. d4 cxd4 6. Nxd4 Ng6 7. Be2 a6 8.
Be3 Qc7 9. c4 Bd6 10. g3 Nxd4 11. Bxd4 O-O 12. Qb3 Bc5 13. Qc3 Bxd4 14. Qxd4 b6
15. Nc3 d6 16. Rfd1 Rd8 17. b4 Rd7 18. Rac1 Rb8 19. a3 Nf8 20. Na4 Qc6 21. b5
Qb7 22. Rb1 a5 23. e5 dxe5 24. Qxe5 Qc7 25. Qxc7 Rxc7 26. Rd6 Nd7 27. c5 bxc5
28. b6 Kf8 29. Rbd1 Rcb7 30. Ba6 Ke7 31. Bxb7 Rxb7 32. Rc6 1-0

[Event "Hastings Masters 2022/23"]
[Site "Hastings"]
[Date "2023.01.06"]
[Round "10.3"]
[White "Edouard, Romain"]
[Black "Korneev, Oleg"]
[Result "1/2-1/2"]
[WhiteElo "2537"]
[BlackElo "2481"]
[PlyCount "154"]
[EventDate "2022.12.28"]
[EventType "swiss"]
[EventRounds "10"]
[EventCountry "ENG"]

1. c4 e6 2. Nc3 d5 3. d4 Be7 4. Bf4 Nf6 5. e3 O-O 6. Nf3 c5 7. dxc5 Bxc5 8. a3
Nc6 9. Qc2 Be7 10. Rd1 Qa5 11. Nd2 e5 12. Bg5 d4 13. Nb3 Qd8 14. Be2 a5 15.
Bxf6 Bxf6 16. Nd5 g6 17. Nc5 Bg7 18. h4 a4 19. Kf1 Ra5 20. Nxa4 e4 21. exd4
Nxd4 22. Rxd4 Bxd4 23. Qxe4 Bg7 24. Nab6 Re8 25. Qf4 Bxb2 26. Qd2 Rxd5 27. Nxd5
Bg7 28. Bf3 Qd6 29. Qb4 Qxb4 30. axb4 Be6 31. g4 Bxd5 32. Bxd5 Bc3 33. Rh3 Bxb4
34. Rb3 Bc5 35. Rxb7 Re7 36. Rb8+ Kg7 37. Rc8 Bd4 38. f3 h6 39. Be4 Bf6 40. h5
gxh5 41. gxh5 Re5 42. c5 Rxh5 43. Rc7 Rh1+ 44. Ke2 Be5 45. Rd7 Rc1 46. c6 h5
47. Bd5 h4 48. f4 Bb8 49. Rxf7+ Kg6 50. f5+ Kg5 51. Be4 h3 52. Kd2 Bf4+ 53. Kd3
h2 54. Rg7+ Kf6 55. Rg6+ Ke7 56. Rg4 Rd1+ 57. Kc2 Rc1+ 58. Kb3 Be5 59. Rg6 Bf4
60. Bd5 h1=Q 61. f6+ Kd8 62. Bxh1 Rxh1 63. f7 Ke7 64. Rf6 Bh6 65. c7 Rh3+ 66.
Ka4 Rh4+ 67. Kb5 Rh5+ 68. Kc4 Kxf6 69. c8=Q Kxf7 70. Qd7+ Kf6 71. Qd8+ Kf7 72.
Qh8 Rh4+ 73. Kd5 Bg5 74. Qc8 Bf6 75. Qb7+ Be7 76. Qb3 Rh6 77. Ke5+ Kf8 1/2-1/2

[Event "Hastings Masters 2022/23"]
[Site "Hastings"]
[Date "2023.01.06"]
[Round "10.4"]
[White "Petrov, Martin"]
[Black "Gormally, Daniel W"]
[Result "1/2-1/2"]
[WhiteElo "2535"]
[BlackElo "2450"]
[PlyCount "43"]
[EventDate "2022.12.28"]
[EventType "swiss"]
[EventRounds "10"]
[EventCountry "ENG"]

1. e4 c5 2. Nf3 d6 3. d4 cxd4 4. Nxd4 Nf6 5. Nc3 Nc6 6. Bg5 e6 7. Qd2 Be7 8.
O-O-O O-O 9. f4 Nxd4 10. Qxd4 h6 11. h4 Qa5 12. Qe3 Qc5 13. Qe1 b6 14. Bd3 Bb7
15. e5 dxe5 16. fxe5 hxg5 17. hxg5 Ng4 18. Bh7+ Kh8 19. Be4+ Kg8 20. Bh7+ Kh8
21. Be4+ Kg8 22. Bh7+ 1/2-1/2

[Event "Hastings Masters 2022/23"]
[Site "Hastings"]
[Date "2023.01.06"]
[Round "10.5"]
[White "Hebden, Mark L"]
[Black "Grieve, Harry"]
[Result "1-0"]
[WhiteElo "2448"]
[BlackElo "2438"]
[PlyCount "53"]
[EventDate "2022.12.28"]
[EventType "swiss"]
[EventRounds "10"]
[EventCountry "ENG"]

1. d4 d5 2. c4 e6 3. Nc3 Nf6 4. cxd5 Nxd5 5. e4 Nxc3 6. bxc3 c5 7. Rb1 Be7 8.
Nf3 O-O 9. h4 b6 10. h5 h6 11. Be3 Nd7 12. Bd3 Bb7 13. Qd2 c4 14. Bc2 f5 15.
exf5 Rxf5 16. Bxh6 gxh6 17. Qxh6 Nf8 18. Rh3 Bxf3 19. Bxf5 exf5 20. Rxf3 Bh4
21. Kf1 Qc7 22. Re1 Qh7 23. Qf4 Qxh5 24. Qe5 Rd8 25. Rxf5 Qh6 26. g3 Bf6 27.
Rxf6 1-0

[Event "Hastings Masters 2022/23"]
[Site "Hastings"]
[Date "2023.01.06"]
[Round "10.6"]
[White "Nagy, Gabor"]
[Black "Lalic, Bogdan"]
[Result "1/2-1/2"]
[WhiteElo "2488"]
[BlackElo "2392"]
[PlyCount "38"]
[EventDate "2022.12.28"]
[EventType "swiss"]
[EventRounds "10"]
[EventCountry "ENG"]

1. c4 Nf6 2. Nf3 e6 3. Nc3 d5 4. d4 Be7 5. Bf4 O-O 6. e3 c5 7. dxc5 Bxc5 8. a3
Nc6 9. Qc2 Qa5 10. Rd1 Rd8 11. Be2 dxc4 12. Rxd8+ Qxd8 13. Bxc4 Bd6 14. Bg5 Ne5
15. Be2 Bd7 16. Nd4 Nc6 17. Nf3 Ne5 18. Nd4 Nc6 19. Nf3 Ne5 1/2-1/2

[Event "Hastings Masters 2022/23"]
[Site "Hastings"]
[Date "2023.01.06"]
[Round "10.7"]
[White "Murphy, Conor E"]
[Black "Golding, Alex"]
[Result "1-0"]
[WhiteElo "2422"]
[BlackElo "2318"]
[PlyCount "127"]
[EventDate "2022.12.28"]
[EventType "swiss"]
[EventRounds "10"]
[EventCountry "ENG"]

1. e4 e5 2. Nf3 Nc6 3. Bc4 Bc5 4. c3 Nf6 5. d3 O-O 6. O-O d6 7. Nbd2 a6 8. a4
Ba7 9. h3 Ne7 10. Re1 c6 11. Bb3 Ng6 12. d4 Re8 13. Bc2 Qc7 14. a5 Be6 15. Nf1
Rad8 16. Ng3 h6 17. Bd2 Qe7 18. Qc1 Qf8 19. Be3 Bb8 20. Ra4 Bc7 21. c4 Bd7 22.
Ra1 Rc8 23. Qd2 Red8 24. b4 Qe8 25. Rad1 Be6 26. Qc3 Bb8 27. Ba4 Bd7 28. Qb2
Bc7 29. Qa1 Qf8 30. Bb3 Qe8 31. Bd2 Nh7 32. Bc3 Ng5 33. Nh2 Nf4 34. h4 Nh7 35.
Nf5 Kh8 36. g3 Ng6 37. h5 Ngf8 38. Rd3 f6 39. Qd1 Bxf5 40. exf5 Rd7 41. f4 Qd8
42. Qf3 exd4 43. Rxd4 Re7 44. Rde4 Rxe4 45. Qxe4 Qd7 46. Nf3 Kg8 47. Nh4 Bd8
48. Bd4 Rc7 49. Bb6 Rc8 50. Bf2 Rc7 51. Rd1 Qe7 52. c5+ d5 53. Bxd5+ cxd5 54.
Qxd5+ Qf7 55. Qxd8 Qxh5 56. Ng6 Qf3 57. Rd3 Qe4 58. Rd4 Qb1+ 59. Kg2 Rf7 60.
Qd5 Nxg6 61. fxg6 Qxg6 62. Re4 f5 63. Re8+ Nf8 64. Rxf8+ 1-0

[Event "Hastings Masters 2022/23"]
[Site "Hastings"]
[Date "2023.01.06"]
[Round "10.8"]
[White "Kueppers, Timo"]
[Black "Chan, Kim Yew"]
[Result "1-0"]
[WhiteElo "2249"]
[BlackElo "2289"]
[PlyCount "93"]
[EventDate "2022.12.28"]
[EventType "swiss"]
[EventRounds "10"]
[EventCountry "ENG"]

1. c4 c5 2. Nf3 g6 3. d4 cxd4 4. Nxd4 Nc6 5. e4 Nf6 6. Nc3 d6 7. Be2 Nxd4 8.
Qxd4 Bg7 9. Be3 O-O 10. Qd3 a6 11. O-O Bd7 12. a4 a5 13. Qc2 Bc6 14. Rad1 Qc7
15. Rfe1 Nd7 16. Nd5 Bxd5 17. exd5 Nc5 18. Rd2 Qb6 19. Bd1 Qb4 20. Rde2 Rfc8
21. h4 h5 22. Bg5 Bf6 23. Bxf6 exf6 24. Re3 f5 25. b3 Ne4 26. Bf3 Nf6 27. Qb2
Nd7 28. Qd4 Ne5 29. Bxh5 gxh5 30. Qf4 Ng6 31. Qxf5 Qd2 32. Qxh5 Qd4 33. Re4 Qf6
34. Qh6 Qg7 35. Qg5 Ne5 36. Qf4 Nd3 37. Qf5 Nxe1 38. Rg4 Re8 39. Rxg7+ Kxg7 40.
Qg5+ Kh7 41. Qf6 Rg8 42. Qxf7+ Rg7 43. Qf5+ Kh8 44. g3 Rgg8 45. Qf6+ Rg7 46.
Qh6+ Rh7 47. Qe3 1-0

[Event "Hastings Masters 2022/23"]
[Site "Hastings"]
[Date "2023.01.06"]
[Round "10.9"]
[White "Royset, Pal"]
[Black "Davies, Nigel R"]
[Result "0-1"]
[WhiteElo "2058"]
[BlackElo "2398"]
[PlyCount "78"]
[EventDate "2022.12.28"]
[EventType "swiss"]
[EventRounds "10"]
[EventCountry "ENG"]

1. e4 e5 2. Bc4 Nf6 3. d3 Be7 4. Nf3 d6 5. O-O O-O 6. c3 c5 7. Re1 Nc6 8. Bb3
h6 9. Nbd2 Re8 10. Nf1 Bf8 11. Ng3 g6 12. h3 Bg7 13. Be3 Be6 14. Bc2 Qc7 15.
Qd2 Kh7 16. a3 Rad8 17. b4 cxb4 18. axb4 d5 19. Qc1 b5 20. Qb2 Bc8 21. Ne2 a6
22. Nc1 dxe4 23. dxe4 Nd7 24. Nd2 Nd4 25. Bb1 Nb6 26. Nd3 Ne6 27. Ra3 Rd7 28.
Bxb6 Qxb6 29. Nb3 Red8 30. Nbc5 Nxc5 31. bxc5 Qc7 32. Qe2 Bf8 33. Ra2 Bxc5 34.
Nb4 Bxb4 35. cxb4 Qc3 36. Rb2 Rd2 37. Rxd2 Rxd2 38. Qf3 Qxf3 39. gxf3 Rb2 0-1